000 00459nam a2200181Ia 4500
001 15677
005 20260306170213.0
008 260306t2004||||xx |||||||||||||| ||und||
041 _aESP
082 _a572.0711
_bM97
100 _aMurrugarra Abanto, José Salomón
_eAUT
245 0 _aTópicos de Bioquímica y Biología Molecular
260 _c2004
300 _a163 páginas :
_c23 cm.
650 _aGEN
654 _aCCS
942 _cLIB
_dJUS
_fJUS
_2ddc
_n
999 _c15677
_d15677